00595pab a2200193 454500008004000000100001800040245009000058260000900148300001300157362001200170650002800182650002000210700001700230773001300247908000600260909001100266999001900277952010500296180718b2013 xxu||||| |||| 00| 0 eng d aKaur, Gurleen aNexus between fiscal deficit and economic growth in India: An empirical investigation c2013 ap.13-22. aApr-Jun aEconomic growth - India aEconomic growth aAhmed, Neetu aAbhigyan aN a101249 c101248d101248 00104070aIIPAbIIPAd2018-07-19hVolume no: 31, Issue no: 1pAR101709r2018-07-19w2018-07-19yAR